000 00619nam a2200157 a 4500
001 000028351
005 20200930031550.0
008 110408s1998 dr c r 000 0 spa d
040 _aDO-SdBNP
_bspa
_cBNPHU
082 _axxxx
_bR426d
110 1 _aRepública Dominicana.
_bUniversidad Interamericana
_955322
245 1 0 _aDiscursos :
_bIX ceremonia solemne de graduación del doctorado honoris causa a monseñor Agripino Núñez Collado.
260 _aSanto Domingo :
_bUniversidad Interamericana,
_bDepartamento de Cultura y Publicaciones,
_c1998.
300 _a39 p. :
_bretrs. ;
_c21 cm.
590 _aInventariado, 2019/BT
999 _c27843
_d27843